| 000 | 00819nam a2200253 i 4500 | ||
|---|---|---|---|
| 001 | 129547 | ||
| 003 | ES-MaACL | ||
| 005 | 20230906193525.0 | ||
| 007 | t| | ||
| 008 | 070626s1965 sp ||||1| spa d | ||
| 080 | _a621.38(02) | ||
| 100 | 1 |
_aThureau, P. _9110183 |
|
| 245 | 1 | 0 |
_aElementos básicos de electrónica / _cpor P. Thureau ; [traducción por Pedro Salvatella García y Pedro Esteve Abad]. |
| 250 | _a1ª ed. | ||
| 260 |
_aBarcelona, etc. : _bJosé Montesó, _c1965. |
||
| 300 |
_a180 p. : _bil. ; _c22 cm. |
||
| 490 | 1 | _aBiblioteca de Electrónica | |
| 650 | 4 |
_aElectrónica. _912165 |
|
| 700 | 1 |
_aSalvatella García, Pedro. _9102124 |
|
| 700 | 1 |
_aEsteve Abad, Pedro. _948141 |
|
| 830 | 0 |
_aBiblioteca de Electrónica _9186415 |
|
| 852 |
_aES-MaACL _jC-30191 _bR.60197 |
||
| 999 |
_c129547 _d129547 |
||